[Event "4NCL/Div4/OXF3 vs. NOTT2"]
[Site "Wokefield Park ENG"]
[Date "2007.11.25"]
[Round "4.4"]
[White "Graham, Neil"]
[Black "Harvey, Marcus R"]
[Result "1-0"]
[WhiteElo "1895"]
[BlackElo "1810"]
[PlyCount "125"]
[EventDate "2007.11.25"]
[EventType "team"]
[EventRounds "11"]
[EventCountry "ENG"]
[SourceDate "2007.09.15"]

1. d4 Nf6 2. f3 g6 3. e4 d6 4. c4 Bg7 5. Nc3 Nbd7 6. Be3 e5 7. d5 O-O 8. Qd2
Ne8 9. Bd3 b6 10. Nge2 Nc5 11. Bc2 a5 12. Bxc5 dxc5 13. Nb5 Nd6 14. Nxd6 cxd6
15. Ba4 Bd7 16. Bxd7 Qxd7 17. Nc3 {=} f5 18. O-O f4 19. g4 g5 20. h3 h5 21. Kg2
Kf7 22. Rh1 Rh8 23. Rh2 hxg4 24. hxg4 Rxh2+ 25. Kxh2 Rh8+ 26. Kg2 Qd8 27. Rh1
Bh6 28. Rh5 Kg6 29. Kg1 Qd7 30. Qh2 Qg7 31. Nb5 Rd8 32. Nc7 Rh8 33. Ne6 Qf6 34.
Nxg5 Qe7 35. Ne6 Qe8 36. g5 Bg7 37. Nxg7 Kxg7 38. Rxh8 Qxh8 39. Qxh8+ Kxh8 40.
Kh2 Kg7 41. Kh3 a4 42. b3 axb3 43. axb3 Kf7 44. Kh4 Kg7 45. Kh5 Kh7 46. g6+ Kg7
47. Kg5 Kg8 48. Kf6 Kf8 49. Ke6 Kg7 50. Kxd6 Kxg6 51. Kxe5 Kg5 52. d6 Kh4 53.
Kxf4 Kh3 54. d7 Kg2 55. d8=Q b5 56. cxb5 c4 57. bxc4 Kh2 58. Qg8 Kh1 59. b6 Kh2
60. b7 Kh1 61. b8=R Kh2 62. Qg3+ Kh1 63. Rb1# 1-0

[Event "4NCL/Div4/OXF3 vs. NOTT2"]
[Site "Wokefield Park ENG"]
[Date "2007.11.25"]
[Round "4.5"]
[White "Henbest, Kevin B"]
[Black "Hill, Maurice J"]
[Result "1-0"]
[WhiteElo "1785"]
[BlackElo "1950"]
[PlyCount "91"]
[EventDate "2007.11.25"]
[EventType "team"]
[EventRounds "11"]
[EventCountry "ENG"]
[SourceDate "2007.09.15"]

1. e4 c5 2. Nf3 a6 3. c4 Qc7 4. Nc3 e6 5. g3 Ne7 6. Qe2 Nbc6 7. Qd1 g6 8. d3
Bg7 9. Bg2 d6 10. O-O O-O 11. Be3 Nd4 12. Qd2 Rd8 13. Ne2 Nec6 14. Nexd4 cxd4
15. Bh6 Bh8 16. a3 Rb8 17. b4 b5 18. Rac1 Qd7 19. c5 Bb7 20. cxd6 Qxd6 21. Rc5
Rdc8 22. Rfc1 f6 23. h4 Nd8 24. Qb2 Nf7 25. Bf4 e5 26. Bd2 Rxc5 27. Rxc5 Rc8
28. Rc1 h5 29. Bh3 Rc7 30. Rc2 Nd8 31. Qb3+ Kf8 32. Ne1 Bg7 33. f4 Rf7 34. f5
g5 35. hxg5 fxg5 36. Bxg5 Bf6 37. Bxf6 Qxf6 38. Kh2 h4 39. g4 Qh6 40. Ng2 Nc6
41. Qb1 Na7 42. Qc1 Kg7 43. Qxh6+ Kxh6 44. Nxh4 Nc8 45. Nf3 Re7 46. g5+ 1-0

[Event "4NCL/Div4/OXF3 vs. NOTT2"]
[Site "Wokefield Park ENG"]
[Date "2007.11.25"]
[Round "4.6"]
[White "Myers, Richard"]
[Black "Foster, James M"]
[Result "0-1"]
[WhiteElo "1845"]
[BlackElo "1770"]
[PlyCount "64"]
[EventDate "2007.11.25"]
[EventType "team"]
[EventRounds "11"]
[EventCountry "ENG"]
[SourceDate "2007.09.15"]

1. d4 d5 2. c4 c6 3. Nf3 Nf6 4. Nc3 e6 5. e3 Be7 6. Bd3 O-O 7. O-O Nbd7 8. e4
dxc4 9. Bxc4 b5 10. Bd3 b4 11. Ne2 c5 12. Qc2 h6 13. Bf4 Bb7 14. a3 Rc8 15.
axb4 c4 16. Bxc4 Bxe4 17. Qb3 Nd5 18. Rxa7 Nxb4 19. Bxe6 Bc2 20. Bxf7+ Rxf7 21.
Qe6 Bf5 22. Qb3 Qb6 23. Rfa1 Be6 24. Qa4 Nd5 25. Rxd7 Bxd7 26. Qxd7 Rd8 27. Qg4
Qxb2 28. Re1 Nxf4 29. Nxf4 Bb4 30. Rd1 Qc2 31. Ne1 Bxe1 32. Rxe1 Qd2 0-1

[Event "4NCL/Div4/LIT2 vs. SCS"]
[Site "Wokefield Park ENG"]
[Date "2007.11.25"]
[Round "4.1"]
[White "Stewart, Joseph"]
[Black "Haydon, David"]
[Result "0-1"]
[WhiteElo "2005"]
[BlackElo "2080"]
[PlyCount "70"]
[EventDate "2007.11.25"]
[EventType "team"]
[EventRounds "11"]
[EventCountry "ENG"]
[SourceDate "2007.09.15"]

1. e4 c6 2. d4 d5 3. exd5 cxd5 4. c4 Nf6 5. Nc3 Nc6 6. h3 e6 7. Nf3 Be7 8. c5
Ne4 9. Bd3 f5 10. Bd2 O-O 11. Bb5 Bf6 12. Bxc6 bxc6 13. O-O Qe8 14. Bf4 Ba6 15.
Re1 g5 16. Be5 g4 17. Bxf6 gxf3 18. Be5 Qg6 19. Qxf3 Ng5 20. Qd1 Nxh3+ 21. Kh2
Nxf2 22. Qf3 Ng4+ 23. Kg1 Rf7 24. Nd1 h5 25. Nf2 Raf8 26. Bd6 Re8 27. Nh3 f4
28. Nxf4 Qf6 29. Rad1 e5 30. Nxh5 Qg5 31. Qh3 Nf2 32. Qg3 Qxg3 33. Nxg3 Nxd1
34. Rxd1 exd4 35. Rxd4 Re1+ 0-1

[Event "4NCL/Div4/LIT2 vs. SCS"]
[Site "Wokefield Park ENG"]
[Date "2007.11.25"]
[Round "4.2"]
[White "Lutton, E Josiah"]
[Black "Mapletoft, Alexander J"]
[Result "1-0"]
[WhiteElo "2079"]
[BlackElo "1865"]
[PlyCount "39"]
[EventDate "2007.11.25"]
[EventType "team"]
[EventRounds "11"]
[EventCountry "ENG"]
[SourceDate "2007.09.15"]

1. e4 e5 2. Nc3 Nc6 3. Bc4 Nf6 4. d3 Bb4 5. Bg5 O-O 6. Nge2 d6 7. O-O Be6 8. f4
h6 9. fxe5 hxg5 10. exf6 gxf6 11. Nd5 Bxd5 12. Bxd5 Ne5 13. c3 c6 14. Bb3 Ba5
15. Ng3 Qe7 16. Nf5 Bb6+ 17. d4 Qe8 18. Qh5 Nf3+ 19. Rxf3 Qxe4 20. Qg6+ 1-0

[Event "4NCL/Div4/LIT2 vs. SCS"]
[Site "Wokefield Park ENG"]
[Date "2007.11.25"]
[Round "4.3"]
[White "Turvey, Steven"]
[Black "Sandham, David"]
[Result "1-0"]
[WhiteElo "1915"]
[BlackElo "2010"]
[PlyCount "89"]
[EventDate "2007.11.25"]
[EventType "team"]
[EventRounds "11"]
[EventCountry "ENG"]
[SourceDate "2007.09.15"]

1. e4 c5 2. Nf3 g6 3. d4 cxd4 4. Nxd4 Nc6 5. Be3 Nf6 6. Nc3 Bg7 7. Be2 O-O 8.
O-O d5 9. exd5 Nxd5 10. Nxd5 Qxd5 11. Bf3 Qc4 12. Nxc6 bxc6 13. Be2 Qd5 14.
Qxd5 cxd5 15. Rab1 Bf5 16. Bd3 Bxd3 17. cxd3 Rfc8 18. Rfc1 Rxc1+ 19. Rxc1 Bxb2
20. Rc7 d4 21. Bd2 Ba3 22. g3 Bd6 23. Rb7 Kg7 24. Bb4 Bxb4 25. Rxb4 e5 26. Ra4
Rc8 27. Kf1 Rc7 28. Ke2 Kf6 29. Kd2 Kf5 30. f3 g5 31. Ra6 g4 32. fxg4+ Kxg4 33.
Rh6 f5 34. Re6 Rc5 35. Ra6 e4 36. dxe4 fxe4 37. Rxa7 h5 38. Re7 e3+ 39. Kd3 Rd5
40. Re4+ Kf3 41. a4 Kg2 42. Rh4 {=} Kf1 43. Rf4+ Ke1 44. h3 Kd1 45. Rf1# 1-0

[Event "4NCL/Div4/LIT2 vs. SCS"]
[Site "Wokefield Park ENG"]
[Date "2007.11.25"]
[Round "4.4"]
[White "Sathyanandha, Saravanan"]
[Black "Bryant, Kevin"]
[Result "1/2-1/2"]
[WhiteElo "1909"]
[BlackElo "1920"]
[PlyCount "101"]
[EventDate "2007.11.25"]
[EventType "team"]
[EventRounds "11"]
[EventCountry "ENG"]
[SourceDate "2007.09.15"]

1. e4 d6 2. d4 Nf6 3. Nc3 g6 4. Nf3 Bg7 5. Be2 c5 6. O-O cxd4 7. Nxd4 O-O 8. f4
Nc6 9. Be3 e6 10. Ndb5 Ne8 11. a4 a6 12. Na3 Na5 13. Qd2 Qc7 14. Bd4 Bd7 15. f5
Bxd4+ 16. Qxd4 Nc6 17. Qf2 Ne5 18. Rad1 exf5 19. Nd5 Qd8 20. Nb6 Rb8 21. Nxd7
Qxd7 22. exf5 Qxa4 23. fxg6 hxg6 24. Qa7 Nc6 25. Qe3 Qb4 26. Nc4 b5 27. c3 Qc5
28. b4 Qxe3+ 29. Nxe3 Ne5 30. Nd5 Nd7 31. Ra1 Nb6 32. Ne7+ Kg7 33. Rxa6 Nc7 34.
Ra3 Rbe8 35. Nxg6 fxg6 36. Bf3 d5 37. Ra7 Re7 38. Rb7 Nc4 39. Rd1 Kg8 40. h3
Rfe8 41. Kf2 Ne5 42. Be2 Rf7+ 43. Kg3 Nc4 44. Bf3 Nd6 45. Rb6 Nf5+ 46. Kh2 Kg7
47. Bxd5 Nxd5 48. Rxd5 Ne3 49. Rdxb5 Nf1+ 50. Kg1 Re1 51. Rb7 1/2-1/2

[Event "4NCL/Div4/LIT2 vs. SCS"]
[Site "Wokefield Park ENG"]
[Date "2007.11.25"]
[Round "4.5"]
[White "Farrall, David J"]
[Black "Lutton, J Arnold"]
[Result "1-0"]
[WhiteElo "1802"]
[BlackElo "1889"]
[PlyCount "73"]
[EventDate "2007.11.25"]
[EventType "team"]
[EventRounds "11"]
[EventCountry "ENG"]
[SourceDate "2007.09.15"]

1. e4 e6 2. d4 d5 3. Nc3 dxe4 4. Nxe4 Be7 5. Nf3 Nf6 6. Nxf6+ Bxf6 7. Be3 b6 8.
Bb5+ Bd7 9. a4 O-O 10. O-O Qe7 11. Re1 Rd8 12. c3 c5 13. Qe2 cxd4 14. Bxd4 Bc6
15. Rad1 a6 16. Bxc6 Nxc6 17. Bxb6 Rxd1 18. Rxd1 Qb7 19. a5 Rc8 20. Qd2 Nb8 21.
Ne5 Kf8 22. Nd7+ Nxd7 23. Qxd7 Qxd7 24. Rxd7 Ke8 25. Ra7 Rc6 26. Rxa6 Rd6 27.
g3 Rd2 28. b4 Bxc3 29. Ra8+ Ke7 30. Bc5+ Kd7 31. a6 Ra2 32. a7 Kc7 33. Rf8 Kb7
34. Rb8+ Kc6 35. a8=Q+ Rxa8 36. Rxa8 Kb5 37. Rf8 1-0

[Event "4NCL/Div4/LIT2 vs. SCS"]
[Site "Wokefield Park ENG"]
[Date "2007.11.25"]
[Round "4.6"]
[White "Sathyanandha, Senthuran"]
[Black "Johnson, Andy G"]
[Result "0-1"]
[WhiteElo "1779"]
[BlackElo "1835"]
[PlyCount "44"]
[EventDate "2007.11.25"]
[EventType "team"]
[EventRounds "11"]
[EventCountry "ENG"]
[SourceDate "2007.09.15"]

1. e4 d5 2. d4 dxe4 3. Nc3 Nf6 4. f3 exf3 5. Nxf3 Bg4 6. Bc4 e6 7. O-O c6 8.
Bg5 Be7 9. Qd2 Nbd7 10. Qf4 Bf5 11. Bb3 h6 12. Bh4 g5 13. Bxg5 hxg5 14. Nxg5
Nh5 15. Qf3 Bxg5 16. Rae1 Ng7 17. d5 Qb6+ 18. Kh1 O-O-O 19. d6 Rxh2+ 20. Kxh2
Rh8+ 21. Kg3 Nh5+ 22. Kh2 Bf4+ 0-1

[Event "4NCL/Div4/BRI2 vs. ANGA2"]
[Site "Wokefield Park ENG"]
[Date "2007.11.25"]
[Round "4.1"]
[White "Oliver, Huw"]
[Black "Reynolds, D Ian"]
[Result "0-1"]
[WhiteElo "2160"]
[BlackElo "2077"]
[PlyCount "74"]
[EventDate "2007.11.25"]
[EventType "team"]
[EventRounds "11"]
[EventCountry "ENG"]
[SourceDate "2007.09.15"]

1. d4 Nf6 2. Nc3 d5 3. Bg5 c5 4. Bxf6 gxf6 5. e4 dxe4 6. dxc5 f5 7. Qxd8+ Kxd8
8. O-O-O+ Bd7 9. b4 Bg7 10. Nge2 Nc6 11. b5 Ne5 12. Nd4 Ke8 13. Nd5 Rc8 14. b6
axb6 15. cxb6 e6 16. Nc7+ Ke7 17. Ndb5 Ng4 18. Nd6 Nxf2 19. Nxc8+ Rxc8 20.
Rxd7+ Kxd7 21. Bb5+ Ke7 22. Rf1 Bd4 23. Be2 Bxb6 24. Nb5 Nd3+ 25. Kb1 Nb4 26.
c3 Nd5 27. g4 fxg4 28. Bxg4 Ne3 29. Rf4 f5 30. Be2 Rg8 31. Kc1 Rg2 32. Rh4 Rxe2
33. Rxh7+ Kf6 34. Rxb7 Nc4 35. h4 Be3+ 36. Kb1 Re1+ 37. Kc2 Rc1+ 0-1

[Event "4NCL/Div4/BRI2 vs. ANGA2"]
[Site "Wokefield Park ENG"]
[Date "2007.11.25"]
[Round "4.2"]
[White "Feavyour, John"]
[Black "Collier, David O"]
[Result "1-0"]
[WhiteElo "2083"]
[BlackElo "2131"]
[PlyCount "110"]
[EventDate "2007.11.25"]
[EventType "team"]
[EventRounds "11"]
[EventCountry "ENG"]
[SourceDate "2007.09.15"]

1. d4 Nf6 2. c4 e6 3. Nc3 Bb4 4. e3 c5 5. Bd3 O-O 6. Nf3 Nc6 7. O-O d5 8. a3
Bxc3 9. bxc3 dxc4 10. Bxc4 Qc7 11. Qc2 e5 12. Nxe5 Nxe5 13. dxe5 Qxe5 14. f4
Qe7 15. Bd2 Ne4 16. Rae1 Bf5 17. Qb2 Rad8 18. Bc1 b6 19. Be2 Qf6 20. Bf3 Qxc3
21. g4 Qxb2 22. Bxb2 Nd2 23. gxf5 Nxf1 24. Kxf1 Rd2 25. Re2 Rfd8 26. Kf2 R2d3
27. Be4 Rb3 28. Bb1 b5 29. Ba2 Rbd3 30. Bb1 R3d6 31. Bc3 b4 32. axb4 cxb4 33.
Bxb4 Rh6 34. Be4 Rxh2+ 35. Bg2 Rh6 36. Ra2 a6 37. f6 Rb8 38. Bc3 gxf6 39. Rxa6
Kg7 40. Rc6 Rd8 41. Bd4 Rd7 42. Rb6 Rc7 43. Be4 Rd7 44. Bf5 Rd5 45. Be4 Rd7 46.
Rb1 Rc7 47. Rg1+ Kf8 48. Ra1 Rh2+ 49. Kg3 Rh6 50. Kg4 Kg7 51. Rg1 Rd7 52. Kf5+
Rg6 53. Bxf6+ Kf8 54. Rc1 Rxf6+ 55. Kxf6 Rd6+ 1-0

[Event "4NCL/Div4/BRI2 vs. ANGA2"]
[Site "Wokefield Park ENG"]
[Date "2007.11.25"]
[Round "4.3"]
[White "Curtis, John"]
[Black "Lunn, Timothy"]
[Result "1-0"]
[WhiteElo "2131"]
[BlackElo "2075"]
[PlyCount "61"]
[EventDate "2007.11.25"]
[EventType "team"]
[EventRounds "11"]
[EventCountry "ENG"]
[SourceDate "2007.09.15"]

1. d4 Nf6 2. Nf3 e6 3. e3 c5 4. Bd3 b6 5. O-O Bb7 6. Nbd2 Be7 7. c3 Nc6 8. e4
cxd4 9. cxd4 Nb4 10. Bb1 Ba6 11. Re1 Nd3 12. Bxd3 Bxd3 13. d5 Bb4 14. Re3 Bxd2
15. Nxd2 Ba6 16. dxe6 fxe6 17. e5 Nd5 18. Rg3 g6 19. Ne4 O-O 20. Bg5 Qc7 21.
Nf6+ Nxf6 22. Bxf6 Rac8 23. Qd2 Qc2 24. Qh6 Rf7 25. h4 Bd3 26. h5 Rc5 27. Kh2
Bf5 28. Re1 Rc6 29. Ree3 Qb1 30. hxg6 Bxg6 31. Rxg6+ 1-0

[Event "4NCL/Div4/BRI2 vs. ANGA2"]
[Site "Wokefield Park ENG"]
[Date "2007.11.25"]
[Round "4.4"]
[White "Ruthen, Steven"]
[Black "Bass, John W"]
[Result "1/2-1/2"]
[WhiteElo "2050"]
[BlackElo "2094"]
[PlyCount "39"]
[EventDate "2007.11.25"]
[EventType "team"]
[EventRounds "11"]
[EventCountry "ENG"]
[SourceDate "2007.09.15"]

1. f4 d5 2. Nf3 Nf6 3. e3 g6 4. Be2 Bg7 5. d3 O-O 6. O-O c5 7. Nc3 Nc6 8. Qe1
b6 9. a3 d4 10. Nd1 dxe3 11. Nxe3 Nd5 12. Qh4 e6 13. Qxd8 Rxd8 14. Ng4 Bb7 15.
Nge5 Nd4 16. Bd1 Rac8 17. Re1 Bh6 18. Ng5 Rf8 19. Ng4 Bg7 20. c3 1/2-1/2

[Event "4NCL/Div4/BRI2 vs. ANGA2"]
[Site "Wokefield Park ENG"]
[Date "2007.11.25"]
[Round "4.5"]
[White "Humphreys, Jerry"]
[Black "Botham, Paul"]
[Result "1-0"]
[WhiteElo "2078"]
[BlackElo "2049"]
[PlyCount "53"]
[EventDate "2007.11.25"]
[EventType "team"]
[EventRounds "11"]
[EventCountry "ENG"]
[SourceDate "2007.09.15"]

1. e4 Nf6 2. e5 Nd5 3. d4 d6 4. c4 Nb6 5. exd6 cxd6 6. Nc3 g6 7. Be3 Bg7 8. Rc1
O-O 9. Nf3 Nc6 10. d5 Ne5 11. Nxe5 Bxe5 12. Be2 Bf5 13. O-O h5 14. Bd3 Bxd3 15.
Qxd3 Bg7 16. b3 a6 17. Ne2 Nd7 18. f4 f5 19. b4 Nf6 20. Nd4 Qd7 21. Ne6 Rfc8
22. Bd4 Bh8 23. Rfe1 Re8 24. Re3 Ne4 25. Bxh8 Kxh8 26. Rxe4 fxe4 27. Qd4+ 1-0

[Event "4NCL/Div4/BRI2 vs. ANGA2"]
[Site "Wokefield Park ENG"]
[Date "2007.11.25"]
[Round "4.6"]
[White "Szymanski, Mark"]
[Black "Hardy, Roger"]
[Result "1-0"]
[WhiteElo "2015"]
[BlackElo "2026"]
[PlyCount "77"]
[EventDate "2007.11.25"]
[EventType "team"]
[EventRounds "11"]
[EventCountry "ENG"]
[SourceDate "2007.09.15"]

1. e4 c6 2. d4 d5 3. exd5 cxd5 4. c4 Nf6 5. Nc3 Nc6 6. c5 g6 7. Bb5 Bg7 8.
Bxc6+ bxc6 9. Bf4 O-O 10. Nf3 Bg4 11. O-O Ne4 12. Qd3 Nxc3 13. Qxc3 Bxf3 14.
gxf3 a5 15. a4 Ra7 16. Rfe1 Rb7 17. Be5 f6 18. Bg3 Re8 19. Re6 Qd7 20. Rae1 Kf7
21. Qxa5 Rxb2 22. Qc3 Qb7 23. Rxc6 Qxc6 24. Qxb2 Qxa4 25. Qb6 e5 26. Qb7+ Re7
27. Qxd5+ Kf8 28. Qd8+ Re8 29. Qd6+ Kf7 30. Qd5+ Kf8 31. dxe5 fxe5 32. c6 Qd4
33. Qxd4 exd4 34. Rb1 Rc8 35. c7 Ke8 36. Rb4 Kd7 37. Rc4 Ke6 38. Rc6+ Kd5 39.
Rd6+ 1-0

[Event "4NCL/Div4/LIT1 vs. OXF2"]
[Site "Wokefield Park ENG"]
[Date "2007.11.25"]
[Round "4.1"]
[White "Byron, Alan M"]
[Black "Rose, Matthew"]
[Result "0-1"]
[WhiteElo "2217"]
[BlackElo "2233"]
[PlyCount "94"]
[EventDate "2007.11.25"]
[EventType "team"]
[EventRounds "11"]
[EventCountry "ENG"]
[SourceDate "2007.09.15"]

1. c4 g6 2. Nc3 Bg7 3. g3 d6 4. Bg2 e5 5. e4 Be6 6. d3 Qd7 7. Be3 Nc6 8. Qd2
Nd4 9. Bxd4 exd4 10. Nce2 Ne7 11. f4 c5 12. Nf3 Bh3 13. Bxh3 Qxh3 14. Ng5 Qd7
15. O-O f5 16. Rae1 O-O 17. Nc1 Rfe8 18. Re2 b5 19. Qc2 h6 20. Nf3 Kh7 21. Rfe1
Rac8 22. b3 Qc6 23. cxb5 Qxb5 24. Qc4 Qc6 25. Nh4 fxe4 26. dxe4 d5 27. exd5
Nxd5 28. Rxe8 Rxe8 29. Rxe8 Qxe8 30. Qxd5 Qe1+ 31. Kg2 Qd2+ 32. Kh3 Qxc1 33.
Qe4 Qf1+ 34. Kg4 h5+ 35. Kg5 Bh6+ 36. Kf6 Qa6+ 37. Kf7 Bg7 38. Nf3 Qd6 39. Ng5+
Kh6 40. Ke8 Qf8+ 41. Kd7 Bf6 42. h4 d3 43. Kc6 Qc8+ 44. Kd6 d2 45. Nf7+ Kg7 46.
Qd5 Qf8+ 47. Kc6 Qa8+ 0-1

[Event "4NCL/Div4/LIT1 vs. OXF2"]
[Site "Wokefield Park ENG"]
[Date "2007.11.25"]
[Round "4.2"]
[White "Starkie, Ray"]
[Black "Mansson, James C"]
[Result "0-1"]
[WhiteElo "2140"]
[BlackElo "2161"]
[PlyCount "96"]
[EventDate "2007.11.25"]
[EventType "team"]
[EventRounds "11"]
[EventCountry "ENG"]
[SourceDate "2007.09.15"]

1. d4 d5 2. Bf4 c5 3. e3 Nf6 4. c3 Qb6 5. Qb3 c4 6. Qc2 Nc6 7. Nd2 g6 8. Ngf3
Bf5 9. Qc1 Rc8 10. Be2 Bg7 11. Ne5 Nxe5 12. Bxe5 O-O 13. O-O Bh6 14. Re1 Nd7
15. Bg3 Rfe8 16. Nf3 Bg7 17. Rd1 Be4 18. Ng5 Bf5 19. Bf3 e6 20. e4 dxe4 21.
Nxe4 Bxe4 22. Bxe4 Nf6 23. Bf3 Red8 24. Be5 Nd5 25. Bxg7 Kxg7 26. h4 Qd6 27. g3
b5 28. a3 a5 29. h5 Rb8 30. Kg2 f6 31. Rh1 g5 32. Qc2 Rd7 33. Rae1 Rc7 34. Qe4
Re7 35. h6+ Kg8 36. Qg4 b4 37. cxb4 axb4 38. axb4 Rxb4 39. Rh5 Kf8 40. Ra1 Rxb2
41. Ra8+ Re8 42. Rxe8+ Kxe8 43. Qe4 f5 44. Qe1 g4 45. Bd1 Kf8 46. Ba4 Nf6 47.
Qc1 Qd5+ 48. Kg1 Qb7 0-1

[Event "4NCL/Div4/LIT1 vs. OXF2"]
[Site "Wokefield Park ENG"]
[Date "2007.11.25"]
[Round "4.3"]
[White "Jones, Christopher M"]
[Black "Morris, Graham"]
[Result "1/2-1/2"]
[WhiteElo "2145"]
[BlackElo "2059"]
[PlyCount "73"]
[EventDate "2007.11.25"]
[EventType "team"]
[EventRounds "11"]
[EventCountry "ENG"]
[SourceDate "2007.09.15"]

1. e4 c5 2. Nf3 d6 3. d4 cxd4 4. Nxd4 Nf6 5. Nc3 e6 6. Bc4 a6 7. f4 Nc6 8. Be3
Qc7 9. Bb3 Be7 10. O-O O-O 11. a4 Na5 12. Qe2 Nxb3 13. Nxb3 b6 14. Nd2 Rb8 15.
Rad1 Qc6 16. Bd4 Bb7 17. Rfe1 Nd7 18. Nf3 Rbc8 19. Qf2 Rfe8 20. Rd2 Nc5 21. Qg3
Bf8 22. Qh4 Nxa4 23. Re3 Nxc3 24. Bxc3 Qc5 25. Bd4 Qc7 26. Qh5 g6 27. Qh4 Bg7
28. Ng5 h6 29. Nf3 b5 30. Bxg7 Kxg7 31. Nd4 Qe7 32. Qf2 Rc4 33. b3 Rc7 34. Qg3
Kh7 35. Rde2 e5 36. Nf3 exf4 37. Qxf4 1/2-1/2

[Event "4NCL/Div4/LIT1 vs. OXF2"]
[Site "Wokefield Park ENG"]
[Date "2007.11.25"]
[Round "4.4"]
[White "Stembridge, Ed"]
[Black "Salisbury, Michael W"]
[Result "1-0"]
[WhiteElo "1993"]
[BlackElo "2137"]
[PlyCount "116"]
[EventDate "2007.11.25"]
[EventType "team"]
[EventRounds "11"]
[EventCountry "ENG"]
[SourceDate "2007.09.15"]

1. e4 e6 2. d4 d5 3. e5 c5 4. c3 Nc6 5. Nf3 cxd4 6. cxd4 Bb4+ 7. Nc3 Bd7 8. Bd3
Qb6 9. a3 Bxc3+ 10. bxc3 Nge7 11. h4 h6 12. h5 O-O-O 13. Rb1 Qc7 14. Bf4 Na5
15. O-O Nc4 16. Nd2 Nxd2 17. Qxd2 Bc6 18. Bh2 g6 19. Bf4 Rdg8 20. Bxh6 Nf5 21.
Bg5 Rxh5 22. Bf6 Ng7 {=} 23. f4 Ne8 24. Bg5 f6 25. Bxf6 Nxf6 26. exf6 Qf7 27.
Qe3 Qxf6 28. Rbe1 Bd7 29. Qg3 g5 30. Re5 Qh6 31. Rxg5 Rhxg5 32. fxg5 Rxg5 33.
Qf4 Qg7 34. Qd6 Be8 35. Qxe6+ Qd7 36. Bf5 Qxe6 37. Bxe6+ Kc7 38. Rf5 Rg3 39.
Rf8 Bc6 40. Rf3 Rg6 41. Bf7 Rg7 42. Be6 Kb6 43. g4 Ka5 44. Kf2 Ka4 45. Kg3 Kxa3
46. c4+ Kb4 47. cxd5 Be8 48. Rf8 Re7 49. Kf4 a5 50. Ke5 Bb5 51. d6 Rh7 52. Rf7
Rxf7 53. Bxf7 a4 54. g5 a3 55. g6 Be8 56. d7 Bxf7 57. gxf7 a2 58. f8=Q+ Kb3 1-0

[Event "4NCL/Div4/LIT1 vs. OXF2"]
[Site "Wokefield Park ENG"]
[Date "2007.11.25"]
[Round "4.5"]
[White "Gibson, Christopher A"]
[Black "Chapman, Graham W"]
[Result "1/2-1/2"]
[WhiteElo "2032"]
[BlackElo "2040"]
[PlyCount "36"]
[EventDate "2007.11.25"]
[EventType "team"]
[EventRounds "11"]
[EventCountry "ENG"]
[SourceDate "2007.09.15"]

1. d4 Nf6 2. c4 c5 3. d5 b5 4. cxb5 a6 5. bxa6 Bxa6 6. Nc3 d6 7. e4 Bxf1 8.
Kxf1 g6 9. Nf3 Bg7 10. g3 O-O 11. Kg2 Nbd7 12. h3 Qb8 13. Re1 Rc8 14. Qc2 Nb6
15. b3 Nfd7 16. Bb2 Ne5 17. Nxe5 Bxe5 18. Nd1 Bxb2 1/2-1/2

[Event "4NCL/Div4/LIT1 vs. OXF2"]
[Site "Wokefield Park ENG"]
[Date "2007.11.25"]
[Round "4.6"]
[White "Ludbrook, Matt"]
[Black "Jaszkiwskyj, Peter"]
[Result "1/2-1/2"]
[WhiteElo "2046"]
[BlackElo "2005"]
[PlyCount "43"]
[EventDate "2007.11.25"]
[EventType "team"]
[EventRounds "11"]
[EventCountry "ENG"]
[SourceDate "2007.09.15"]

1. e4 e5 2. Nf3 Nc6 3. Bb5 a6 4. Ba4 Nf6 5. O-O b5 6. Bb3 Be7 7. Re1 d6 8. h3
Na5 9. c3 Nxb3 10. Qxb3 c5 11. d4 Qc7 12. Nbd2 O-O 13. Nf1 cxd4 14. cxd4 Bb7
15. d5 Rfc8 16. N3d2 Nh5 17. g3 Qd7 18. Kg2 Bg5 19. Nf3 Bxc1 20. Raxc1 Rxc1 21.
Rxc1 Rc8 22. Rxc8+ 1/2-1/2

[Event "4NCL/Div4/AMCAH vs. FCA2"]
[Site "Wokefield Park ENG"]
[Date "2007.11.25"]
[Round "4.1"]
[White "Tart, Peter K"]
[Black "Habershon, Paul"]
[Result "0-1"]
[WhiteElo "2020"]
[BlackElo "2094"]
[PlyCount "72"]
[EventDate "2007.11.25"]
[EventType "team"]
[EventRounds "11"]
[EventCountry "ENG"]
[SourceDate "2007.09.15"]

1. e4 Nf6 2. Nc3 d6 3. d4 g6 4. Nf3 Bg7 5. Be3 c6 6. Qd2 b5 7. Bd3 b4 8. Ne2 a5
9. O-O Qc7 10. h3 Nbd7 11. a3 Rb8 12. c4 c5 13. e5 dxe5 14. dxe5 Nh5 15. e6
fxe6 16. Ng5 Rb6 17. axb4 axb4 18. Nxh7 Ne5 19. Bf4 Nxf4 20. Qxf4 Qd7 21. Bc2
Rxh7 22. Ba4 Nc6 23. Qe4 Kf7 24. Nf4 Rh6 25. Rad1 Qc7 26. Rfe1 Ne5 27. Re3 Bb7
28. Nd5 exd5 29. cxd5 Qd6 30. f4 Nd7 31. f5 Ne5 32. fxg6+ Nxg6 33. Rf1+ Kg8 34.
Qf5 Bxd5 35. Be8 Bd4 36. Bf7+ Kg7 0-1

[Event "4NCL/Div4/AMCAH vs. FCA2"]
[Site "Wokefield Park ENG"]
[Date "2007.11.25"]
[Round "4.2"]
[White "Williamson, Kevin J"]
[Black "Green, George D A"]
[Result "1/2-1/2"]
[WhiteElo "2043"]
[BlackElo "1965"]
[PlyCount "80"]
[EventDate "2007.11.25"]
[EventType "team"]
[EventRounds "11"]
[EventCountry "ENG"]
[SourceDate "2007.09.15"]

1. d4 d5 2. Nc3 Bf5 3. Bg5 h6 4. Bh4 Nf6 5. f3 c6 6. Qd2 Nbd7 7. O-O-O Qa5 8.
Kb1 e6 9. e4 dxe4 10. fxe4 Bh7 11. Bd3 Bb4 12. Re1 g5 13. Bg3 Nh5 14. Nge2
O-O-O 15. Rhf1 f5 16. exf5 exf5 17. Bf2 Ndf6 18. a3 Bd6 19. Bg1 f4 20. Nc1 Qc7
21. Bxh7 Rxh7 22. Nd3 Kb8 23. Qf2 b6 24. Re6 Re7 25. Rfe1 Rxe6 26. Rxe6 Re8 27.
Rxe8+ Nxe8 28. d5 Nhf6 29. Qd4 c5 30. Qa4 Qb7 31. Nb5 Nxd5 32. Nxa7 Nef6 33.
Nc6+ Kc7 34. Nce5 Bxe5 35. Nxe5 Ne7 36. Nf3 Qe4 37. Qa7+ Qb7 38. Qxb7+ Kxb7 39.
Ne5 Nf5 40. b4 cxb4 1/2-1/2

[Event "4NCL/Div4/AMCAH vs. FCA2"]
[Site "Wokefield Park ENG"]
[Date "2007.11.25"]
[Round "4.3"]
[White "Tunstall, George"]
[Black "Adebajo, Femi"]
[Result "1-0"]
[WhiteElo "1895"]
[BlackElo "2043"]
[PlyCount "81"]
[EventDate "2007.11.25"]
[EventType "team"]
[EventRounds "11"]
[EventCountry "ENG"]
[SourceDate "2007.09.15"]

1. d4 Nf6 2. c4 c5 3. d5 b5 4. cxb5 a6 5. bxa6 Bxa6 6. Nc3 g6 7. e4 Bxf1 8.
Kxf1 d6 9. g3 Bg7 10. Kg2 O-O 11. Nge2 Nbd7 12. Qc2 Qa5 13. Bd2 Rfb8 14. Rab1
Qa6 15. b3 Ng4 16. a4 c4 17. b4 Qa7 18. Rhf1 Nde5 19. h3 Nf6 20. Be3 Qd7 21.
Nd4 e6 22. b5 exd5 23. exd5 Nd3 24. Nc6 Re8 25. Qa2 Nh5 26. Qxc4 Nc5 27. Bxc5
dxc5 28. Ne4 Kh8 29. Nxc5 Qf5 30. b6 g5 31. b7 Rab8 32. Nxb8 Nf4+ 33. gxf4 gxf4
34. Nbd7 f3+ 35. Kg3 Rg8 36. Qg4 Be5+ 37. Nxe5 Qxe5+ 38. Kxf3 Qc3+ 39. Kg2 Qxc5
40. b8=Q Qxd5+ 41. Kh2 1-0

[Event "4NCL/Div4/AMCAH vs. FCA2"]
[Site "Wokefield Park ENG"]
[Date "2007.11.25"]
[Round "4.4"]
[White "Majer, Chris E"]
[Black "Krishnan, Anand"]
[Result "1-0"]
[WhiteElo "2060"]
[BlackElo "1870"]
[PlyCount "45"]
[EventDate "2007.11.25"]
[EventType "team"]
[EventRounds "11"]
[EventCountry "ENG"]
[SourceDate "2007.09.15"]

1. e4 c5 2. d4 cxd4 3. c3 dxc3 4. Nxc3 Nc6 5. Nf3 d6 6. Bc4 Nf6 7. e5 dxe5 8.
Qxd8+ Nxd8 9. Nb5 Rb8 10. Nxe5 e6 11. Nc7+ Ke7 12. Be3 b6 13. O-O-O Nd7 14. Bf4
Rb7 15. Nxd7 Bxd7 16. Ba6 Rxc7+ 17. Bxc7 Nc6 18. Bb5 g6 19. Kb1 Bh6 20. Bd6+
Ke8 21. Rhe1 Rg8 22. Re2 Nb8 23. Rc2 1-0